[Event "4th London Classic Open"]
[Site "London ENG"]
[Date "2012.12.05"]
[Round "5"]
[White "Baterdene,Tsogbayar"]
[Black "Rogers,Tim L"]
[Result "1-0"]
[WhiteElo "1673"]
[BlackElo "1979"]
[WhiteFideId "4901592"]
[BlackFideId "418137"]
[EventDate "2012.12.01"]

1. e4 c6 2. d4 d5 3. Nc3 dxe4 4. Nxe4 Nd7 5. Bc4 Ngf6 6. Ng5 e6 7. Qe2 Nb6 8.
Bd3 Bd6 9. N1f3 h6 10. Ne4 Nxe4 11. Qxe4 Nd7 12. O-O Qc7 13. c4 c5 14. d5 Nf6
15. Qe2 O-O 16. dxe6 Bxe6 17. Bd2 Rfe8 18. Qd1 Rad8 19. h3 Bf4 20. Bxf4 Qxf4 21.
Rc1 Rd7 22. Qb3 Kf8 23. Bb1 b6 24. Qc3 Ne4 25. Bxe4 Qxe4 26. Rfe1 Qd3 27. Ne5
Qxc3 28. Nxd7+ Bxd7 29. Rxe8+ Kxe8 30. Rxc3 Be6 31. Ra3 a5 32. Rb3 Bxc4 33. Rxb6
Bxa2 34. Rb5 Be6 35. Rxc5 a4 36. Ra5 Bb3 37. Ra7 Kd8 38. f4 1-0

[Event "4th London Classic Open"]
[Site "London ENG"]
[Date "2012.12.05"]
[Round "5"]
[White "Kreuzer,C"]
[Black "Sigurdsson,Birkir Karl"]
[Result "1/2-1/2"]
[WhiteElo "1977"]
[BlackElo "1725"]
[WhiteFideId "470589"]
[BlackFideId "2304180"]
[EventDate "2012.12.01"]

1. e4 e6 2. d4 d5 3. Nd2 Nf6 4. e5 Nfd7 5. Bd3 c5 6. c3 Nc6 7. Ne2 cxd4 8. cxd4
f6 9. exf6 Nxf6 10. Nf3 Bd6 11. Bg5 O-O 12. O-O Qc7 13. Bh4 Nh5 14. Qc2 h6 15.
Bg3 Nxg3 16. hxg3 Bd7 17. Nh4 Be8 18. f4 Rc8 19. Rac1 Bh5 20. Qb3 Qd7 21. Ng6
Rf6 22. Ne5 Qe7 23. g4 Be8 24. f5 Rb8 25. fxe6 Nxd4 26. Qxd5 Nxe2+ 27. Bxe2
Rxf1+ 28. Bxf1 Rd8 29. Nd7 Kh8 30. Bd3 Bxd7 31. Qe4 Bc5+ 32. Rxc5 Qxc5+ 33. Kh1
Kg8 34. exd7 Qc1+ 35. Kh2 Qc7+ 36. Kh3 Qxd7 37. Qh7+ Kf8 38. Bc4 Ke7 39. Qxg7+
Kd6 40. Qxh6+ Kc7 41. Qf4+ Kb6 42. Qe3+ Kc7 43. Qe5+ Kb6 44. b4 Qh7+ 45. Kg3 Qc7
46. Qxc7+ Kxc7 47. g5 Rd6 48. Kf4 Kd7 49. Ke5 Ke7 50. a4 Rd2 51. Bd5 1/2-1/2

[Event "4th London Classic Open"]
[Site "London ENG"]
[Date "2012.12.05"]
[Round "5"]
[White "Wheldon,P"]
[Black "Boy Lazoni,Victor Hugo"]
[Result "1-0"]
[WhiteElo "2103"]
[BlackElo "1806"]
[WhiteFideId "407402"]
[BlackFideId "3822141"]
[EventDate "2012.12.01"]

1. Nf3 c6 2. b3 d5 3. Bb2 Bf5 4. g3 Nd7 5. Bg2 h6 6. O-O Ngf6 7. d3 e6 8. Nbd2
Be7 9. e4 dxe4 10. dxe4 Bh7 11. e5 Nd5 12. c4 Nb4 13. a3 Nd3 14. Bc3 Qc7 15. Qe2
a5 16. Ne4 N3c5 17. Nd6+ Kf8 18. Rad1 Nxb3 19. Nh4 Kg8 20. Qh5 Rf8 21. Bh3 Ndc5
22. f4 Bxh4 23. gxh4 Ne4 24. f5 Qb6+ 25. Kg2 Nxc3 26. fxe6 Bg6 27. exf7+ Kh7 28.
Bf5 Bxf5 29. Qxf5+ g6 30. Qd3 Nxd1 31. h5 Ne3+ 32. Kh3 Rhg8 33. fxg8=Q+ Rxg8 34.
hxg6+ Kh8 35. g7+ Rxg7 36. Rf8+ Rg8 37. Rxg8+ Kxg8 38. Qg6+ 1-0

[Event "4th London Classic Open"]
[Site "London ENG"]
[Date "2012.12.05"]
[Round "5"]
[White "Pleininger,R"]
[Black "Reutimann,H"]
[Result "1-0"]
[WhiteElo "1997"]
[BlackElo "1783"]
[WhiteFideId "1305999"]
[BlackFideId "1313886"]
[EventDate "2012.12.01"]

1. e4 e6 2. d4 d5 3. Nc3 dxe4 4. Nxe4 Nf6 5. Bg5 Be7 6. Bxf6 Bxf6 7. Nf3 Nc6 8.
c3 a6 9. a4 Bd7 10. Bd3 Be7 11. O-O O-O 12. Re1 f5 13. Ned2 Kh8 14. Nc4 Bf6 15.
Nce5 Nxe5 16. Nxe5 Bxe5 17. Rxe5 Rf6 18. Bc4 Rg6 19. g3 Qh4 20. Qb3 Bc6 21. Rxe6
Qg4 22. Rxg6 Qxg6 23. d5 Bd7 24. Qxb7 Re8 25. Qxc7 Bc8 26. d6 1-0

[Event "4th London Classic Open"]
[Site "London ENG"]
[Date "2012.12.05"]
[Round "5"]
[White "Kouchak,J"]
[Black "Hortillosa,A"]
[Result "1-0"]
[WhiteElo "1703"]
[BlackElo "1963"]
[WhiteFideId "26011379"]
[BlackFideId "2038749"]
[EventDate "2012.12.01"]

1. d4 Nf6 2. Nf3 d5 3. Bf4 c5 4. c3 Qb6 5. Qc2 Nc6 6. e3 Bg4 7. Nbd2 Rc8 8. dxc5
Qxc5 9. Qa4 Bd7 10. Qd1 g6 11. Bd3 Bg7 12. h3 Nh5 13. Bh2 f5 14. Nh4 e5 15. Bxf5
Bxf5 16. Nxf5 Bf6 17. O-O O-O 18. Nb3 Qb6 19. Qxd5+ Kh8 20. Nd6 Rc7 21. Nc4 Qa6
22. Nc5 Qb5 23. Nd6 Qxb2 24. Ne6 Ne7 25. Qb3 Qxb3 26. axb3 Rc6 27. Nxf8 Rxd6 28.
Rfd1 Rc6 29. c4 a6 30. Nd7 e4 31. Nxf6 Nxf6 32. Be5 Kg7 33. g4 g5 34. Rd7 Kf7
35. Bxf6 Kxf6 36. Rxb7 Ng6 37. Rxh7 Ne5 38. Rh6+ Ng6 39. Ra5 Kg7 40. Rh5 Rb6 41.
Rhxg5 Kf6 42. Raf5+ Ke7 43. c5 Re6 44. Rh5 Kd7 45. Rh6 Rc6 46. Rg5 Ne5 47. Rg7+ 1-0

[Event "4th London Classic Open"]
[Site "London ENG"]
[Date "2012.12.05"]
[Round "5"]
[White "Matthew,Ian G"]
[Black "Kroezen,R"]
[Result "1-0"]
[WhiteElo "1948"]
[BlackElo "1726"]
[WhiteFideId "423165"]
[BlackFideId "1016091"]
[EventDate "2012.12.01"]

1. e4 c5 2. Nf3 d6 3. d4 cxd4 4. Nxd4 g6 5. c4 Bg7 6. Nc3 Nc6 7. Be3 Nf6 8. Be2
h5 9. h3 O-O 10. Nc2 Nd7 11. Qd2 b6 12. g4 h4 13. Bg5 Bf6 14. Bxf6 exf6 15.
O-O-O Nc5 16. Qxd6 Bb7 17. Qxd8 Raxd8 18. f3 Ne5 19. Nd5 Kg7 20. f4 Nc6 21. Bf3
Rfe8 22. Rhe1 g5 23. Nce3 Ne7 24. b4 Bxd5 25. exd5 Nb7 26. Nc2 Nd6 27. c5 bxc5
28. bxc5 Nb5 29. d6 Ng6 30. Rxe8 Rxe8 31. Bc6 1-0

[Event "4th London Classic Open"]
[Site "London ENG"]
[Date "2012.12.05"]
[Round "5"]
[White "Hoekstra,C"]
[Black "Dale,Finley"]
[Result "0-1"]
[WhiteElo "1937"]
[BlackElo "1691"]
[WhiteFideId "1011952"]
[BlackFideId "3213153"]
[EventDate "2012.12.01"]

1. e4 c5 2. b3 Nc6 3. Bb2 d6 4. Bb5 Bd7 5. f4 Nf6 6. Nc3 e6 7. Nf3 a6 8. Bxc6
Bxc6 9. d3 Be7 10. O-O O-O 11. Qd2 d5 12. e5 Ne8 13. Rae1 Nc7 14. Qf2 Nb5 15.
Ne2 Qa5 16. a4 Na7 17. g4 b5 18. axb5 axb5 19. Ra1 Qc7 20. f5 d4 21. Qg3 Bxf3
22. Rxf3 Nc6 23. Rxa8 Rxa8 24. f6 gxf6 25. exf6 Qxg3+ 26. Nxg3 Bf8 27. Rf1 Ra2
28. Bc1 Rxc2 29. Ne4 Ne5 30. Bd2 Ra2 31. Bf4 Nxd3 32. Bd6 c4 33. bxc4 bxc4 34.
Rb1 Ra8 35. Be7 c3 0-1

[Event "4th London Classic Open"]
[Site "London ENG"]
[Date "2012.12.05"]
[Round "5"]
[White "Sonnis,Steve"]
[Black "Fields,F"]
[Result "1/2-1/2"]
[WhiteElo "1660"]
[BlackElo "1933"]
[WhiteFideId "423041"]
[BlackFideId "409367"]
[EventDate "2012.12.01"]

1. e4 c5 2. f4 d5 3. Bb5+ Bd7 4. Bxd7+ Qxd7 5. e5 Nc6 6. d3 Nh6 7. Nf3 e6 8. Nc3
Be7 9. O-O O-O 10. Ne2 f6 11. c3 fxe5 12. fxe5 Nf5 13. d4 cxd4 14. cxd4 Rac8 15.
Bd2 Nb4 16. g4 Nh6 17. h3 Qe8 18. a3 Nc6 19. Nf4 Bd8 20. Be3 Bb6 21. Qd3 Nf7 22.
Rac1 Nfxe5 23. Nxe5 Nxe5 24. dxe5 Rxc1 25. Rxc1 Rxf4 26. Bxb6 axb6 27. Qe3 Qa4
28. b4 Rf8 29. Qxb6 Qxa3 30. Qxe6+ Kh8 31. Rc8 Qg3+ 32. Kh1 Qxh3+ 33. Kg1 Qg3+
34. Kh1 Qh3+ 1/2-1/2

[Event "4th London Classic Open"]
[Site "London ENG"]
[Date "2012.12.05"]
[Round "5"]
[White "Jakobsen,Alf Gjoran"]
[Black "Miu,M"]
[Result "1/2-1/2"]
[WhiteElo "1901"]
[BlackElo "1631"]
[WhiteFideId "1508008"]
[BlackFideId "1220691"]
[EventDate "2012.12.01"]

1. d4 Nf6 2. c4 b6 3. Nc3 Bb7 4. Nf3 e6 5. Bg5 Be7 6. e3 h6 7. Bh4 Ne4 8. Bxe7
Qxe7 9. Nxe4 Bxe4 10. a3 O-O 11. Rc1 d6 12. c5 dxc5 13. dxc5 Nd7 14. cxb6 Nxb6
15. Be2 c5 16. O-O Qf6 17. Qb3 c4 18. Qc3 Qxc3 19. Rxc3 Bxf3 20. Bxf3 Rad8 21.
Rfc1 Rd2 22. R3c2 Rfd8 23. Kf1 Kf8 24. Ke1 R2d3 25. Be2 Rb3 26. Ra1 Ke7 27. a4
a5 28. Ra2 Rb4 29. Rc3 Rxa4 30. Rxa4 Nxa4 31. Rxc4 Nxb2 32. Rc3 Rd5 33. Ra3 Rc5
34. Kd2 Nc4+ 35. Bxc4 Rxc4 36. Rxa5 Rc7 1/2-1/2

[Event "4th London Classic Open"]
[Site "London ENG"]
[Date "2012.12.05"]
[Round "5"]
[White "Parry,Jacques"]
[Black "Dydak,Mateusz"]
[Result "0-1"]
[WhiteElo "1809"]
[BlackElo "1992"]
[WhiteFideId "425923"]
[BlackFideId "2612305"]
[EventDate "2012.12.01"]

1. e4 e6 2. d4 d5 3. e5 c5 4. c3 Qb6 5. Nf3 Bd7 6. a3 Bb5 7. b4 cxd4 8. Bxb5+
Qxb5 9. cxd4 Nd7 10. Nc3 Qa6 11. Qa4 Qxa4 12. Nxa4 f6 13. Bf4 g5 14. Bg3 g4 15.
Ng1 fxe5 16. dxe5 Rc8 17. Ne2 Bg7 18. Nd4 Nxe5 19. O-O Nc6 20. Nxe6 Bxa1 21.
Rxa1 Kf7 22. Re1 Nf6 23. Ng5+ Kg6 24. Ne6 Rhe8 25. f4 Ne4 26. f5+ Kf7 27. Bh4 h6
28. Nb2 Ng5 29. Nxg5+ hxg5 30. Rxe8 Rxe8 31. Bxg5 Nd4 32. Nd3 Nxf5 33. Nf4 Rg8
34. h4 gxh3 35. Nxh3 d4 36. Bd2 Ke6 37. Ng5+ Kd5 0-1

[Event "4th London Classic Open"]
[Site "London ENG"]
[Date "2012.12.05"]
[Round "5"]
[White "Gates,D"]
[Black "Moan,Francis E"]
[Result "1/2-1/2"]
[WhiteElo "1705"]
[BlackElo "1853"]
[WhiteFideId "415723"]
[BlackFideId "424420"]
[EventDate "2012.12.01"]

1. e4 e6 2. Nf3 d5 3. exd5 exd5 4. d4 Bd6 5. Bd3 Ne7 6. c3 O-O 7. O-O Bf5 8. Bg5
f6 9. Bh4 Nbc6 10. Qc2 Bxd3 11. Qxd3 Qd7 12. Nbd2 Rfe8 13. Bg3 Ng6 14. Bxd6 Qxd6
15. g3 Qd7 16. Rae1 Nce7 17. Re2 Qg4 18. Kh1 Qf5 19. Qxf5 Nxf5 20. Rfe1 Kf7 21.
h4 Nd6 22. Kg2 Nf8 23. g4 Nd7 24. Kg3 a5 25. a4 c6 26. Kf4 Rxe2 27. Rxe2 Re8 28.
Rxe8 Kxe8 29. g5 Kf7 30. b3 Ke7 31. Nh2 f5 32. Nhf3 g6 33. Ne5 Nf8 34. Ke3 Ne6
35. f4 Ne4 36. Nxe4 dxe4 1/2-1/2

[Event "4th London Classic Open"]
[Site "London ENG"]
[Date "2012.12.05"]
[Round "5"]
[White "Gupta,Arul"]
[Black "Clayton,T"]
[Result "1-0"]
[WhiteElo "1761"]
[BlackElo "1830"]
[WhiteFideId "422622"]
[BlackFideId "416533"]
[EventDate "2012.12.01"]

1. e4 c6 2. d4 d5 3. exd5 cxd5 4. Bd3 Nc6 5. c3 Qc7 6. h3 e5 7. dxe5 Nxe5 8.
Bb5+ Bd7 9. Qxd5 Nf6 10. Bxd7+ Nexd7 11. Qb3 Bc5 12. Nf3 O-O 13. O-O Ne4 14. Qc2
Ng3 15. Re1 Rae8 16. Be3 Bxe3 17. fxe3 Qb6 18. Nd4 Qh6 19. Nd2 Re7 20. Nf1 Rfe8
21. Nxg3 Rxe3 22. Qf2 Qg5 23. Ngf5 Rxe1+ 24. Rxe1 Rxe1+ 25. Qxe1 g6 26. Qe3 Qh5
27. g4 1-0

[Event "4th London Classic Open"]
[Site "London ENG"]
[Date "2012.12.05"]
[Round "5"]
[White "Campbell,E"]
[Black "Altman,Joshua"]
[Result "1-0"]
[BlackTitle "CM"]
[WhiteElo "1819"]
[BlackElo "1555"]
[WhiteFideId "2400740"]
[BlackFideId "426210"]
[EventDate "2012.12.01"]

1. d4 Nf6 2. c4 g6 3. Nc3 Bg7 4. e4 d6 5. f3 O-O 6. Be3 e5 7. d5 Nh5 8. Qd2 f5
9. exf5 gxf5 10. O-O-O a6 11. g4 fxg4 12. fxg4 Bxg4 13. Be2 Bxe2 14. Ngxe2 Kh8
15. Ne4 Nf4 16. Nxf4 exf4 17. Bd4 Be5 18. Bxe5+ dxe5 19. Rhg1 Rg8 20. Qc3 Qe7
21. Nc5 Nd7 22. Nxd7 Qxd7 23. Qxe5+ Rg7 24. Qxf4 Rag8 25. Qd4 b6 26. Rdf1 Qd6
27. h4 1-0

[Event "4th London Classic Open"]
[Site "London ENG"]
[Date "2012.12.05"]
[Round "5"]
[White "Lie,T"]
[Black "Spychala,Josefa"]
[Result "1-0"]
[WhiteElo "1595"]
[BlackElo "1521"]
[WhiteFideId "1504916"]
[BlackFideId "1136208"]
[EventDate "2012.12.01"]

1. d4 Nf6 2. c4 e6 3. Nf3 d5 4. Nc3 c6 5. g3 Be7 6. Bg2 Nbd7 7. cxd5 exd5 8. O-O
O-O 9. b3 Re8 10. e3 Nf8 11. Bb2 Bg4 12. Qc2 Bd6 13. Rfe1 Qd7 14. Nd2 Bf5 15. e4
dxe4 16. Ncxe4 Bxe4 17. Nxe4 Nxe4 18. Bxe4 Be7 19. Rad1 Rab8 20. Bf5 Qd5 21. Re5
Qf3 22. Re3 Qd5 23. Be4 Qg5 24. f4 Qa5 25. Bc3 Bb4 26. Bxb4 Qxb4 27. Qd3 h6 28.
Kf2 Nd7 29. Rde1 Nf6 30. Bf3 Rxe3 31. Rxe3 Re8 32. Rxe8+ Nxe8 33. d5 cxd5 34.
Qxd5 b6 35. Be2 Qe7 36. Bf3 Qc5+ 37. Qxc5 bxc5 38. Ke3 Nd6 39. g4 f6 40. Bd5+
Kf8 41. f5 Ke7 42. Kf4 Nb5 43. a4 Kd6 44. Bc4 Nc3 45. Bf7 Ne2+ 46. Ke4 Nd4 47.
Bc4 Nc6 48. Bf7 Ne5 49. Bh5 a5 50. h3 Nc6 51. Be8 Ne5 52. Bb5 Nf7 53. Kf4 Ng5
54. h4 Nf7 55. Bc4 Ne5 56. Be6 Nd3+ 57. Ke4 Nf2+ 58. Kf3 Nh3 59. Kg3 Ng1 60. Bc4
Ke5 61. Kg2 Kf4 62. Kxg1 Kxg4 63. Be6 Kxh4 64. Kf2 Kg4 65. Kg2 h5 66. Kh2 Kh4
67. Bd7 Kg4 68. Kg2 Kh4 69. Bb5 Kg4 70. Bd3 Kh4 71. Kf3 Kg5 72. Kg3 h4+ 73. Kh3
Kh5 74. Bc2 Kg5 75. Be4 Kf4 76. Bd3 Kg5 77. Bb1 Kh5 78. Bc2 Kg5 79. Bd3 Kh5 80.
Bc4 Kg5 81. Be6 Kh5 82. Bf7+ Kg5 83. Bg6 Kf4 84. Kxh4 Ke4 85. Kg4 Kd4 86. Bf7
Ke5 87. Bc4 Ke4 88. Be6 Ke5 89. Bc8 Kd6 90. Kh5 Ke7 91. Kg6 Kf8 92. Be6 Ke7 93.
Kxg7 1-0

[Event "4th London Classic Open"]
[Site "London ENG"]
[Date "2012.12.06"]
[Round "6.1"]
[White "Hillarp Persson,T"]
[Black "Melkumyan,H"]
[Result "1/2-1/2"]
[WhiteTitle "GM"]
[BlackTitle "GM"]
[WhiteElo "2546"]
[BlackElo "2649"]
[WhiteFideId "1700812"]
[BlackFideId "13302485"]
[EventDate "2012.12.01"]

1. e4 e5 2. Nf3 Nc6 3. Bc4 Bc5 4. d3 Nf6 5. O-O d6 6. c3 h6 7. Re1 Bg4 8. Nbd2
Bb6 9. Nf1 Qd7 10. h3 Bxf3 11. Qxf3 Na5 12. a4 Nxc4 13. dxc4 a5 14. Ng3 Qe6 15.
Nf5 Kf8 16. Be3 Bxe3 17. Nxe3 g6 18. Nd5 Nxd5 19. exd5 Qf5 20. c5 Qxf3 21. gxf3
Kg7 22. Ra3 dxc5 23. Rxe5 Rhd8 24. Rb3 b6 25. c4 Rd6 26. Kg2 Rf6 27. Kg3 g5 28.
Re4 Rd8 29. f4 Kg6 30. fxg5 hxg5 31. Re7 c6 32. dxc6 Rxc6 33. Rb7 Rdd6 34. f4
gxf4+ 35. Kxf4 Rf6+ 36. Kg3 Rcd6 37. Re3 Kg7 38. h4 Rg6+ 39. Kh3 Rd1 40. Rg3
Rh1+ 41. Kg2 Rg1+ 42. Kxg1 Rxg3+ 43. Kf2 Rb3 44. h5 Rxb2+ 45. Ke3 Rb4 46. Kd3
Kg8 47. Rb8+ Kh7 48. Rb7 Kg7 49. Kc3 Rxa4 50. Rxb6 Ra3+ 51. Kd2 Rh3 52. Ra6 Rxh5
53. Rxa5 Re5 54. Ra1 Kg6 55. Rg1+ Kh5 56. Rh1+ Kg4 57. Rg1+ Kh4 58. Rh1+ Kg5 59.
Rg1+ Kf5 60. Rf1+ Ke6 61. Rh1 f6 62. Kd3 Kf7 63. Rh2 Kg6 64. Rg2+ Kf7 65. Rh2 f5
66. Rh6 Re6 67. Rh8 Kg6 68. Rg8+ Kf6 69. Rf8+ Kg5 70. Rd8 Kf4 71. Rf8 Re3+ 72.
Kd2 Re5 73. Kd3 Re3+ 74. Kd2 Re7 75. Kd3 Kg5 76. Rg8+ Kf6 77. Rf8+ Kg6 78. Rg8+
Kf7 79. Rc8 Re5 80. Rc6 f4 81. Rh6 f3 82. Rh2 Rf5 83. Rf2 Rf4 84. Ke3 Rxc4 85.
Rxf3+ Ke6 86. Kd3 Ra4 87. Rf8 c4+ 88. Kd4 1/2-1/2

[Event "4th London Classic Open"]
[Site "London ENG"]
[Date "2012.12.06"]
[Round "6.4"]
[White "Van Kampen,R"]
[Black "Gullaksen,E"]
[Result "1-0"]
[WhiteTitle "GM"]
[BlackTitle "IM"]
[WhiteElo "2570"]
[BlackElo "2384"]
[WhiteFideId "1020854"]
[BlackFideId "1500945"]
[EventDate "2012.12.01"]

1. e4 c5 2. Nf3 Nc6 3. Bb5 g6 4. Bxc6 dxc6 5. d3 Bg7 6. h3 b6 7. O-O Nh6 8. a4
a5 9. Na3 f6 10. Nc4 e5 11. Be3 Rb8 12. Nfd2 Nf7 13. f4 exf4 14. Bxf4 Rb7 15.
Qf3 O-O 16. Kh1 Be6 17. Qg3 f5 18. exf5 Bxf5 19. Rae1 b5 20. Ne5 Nxe5 21. Bxe5
c4 22. Ne4 cxd3 23. cxd3 Rd7 24. Nc5 Re7 25. Bxg7 Kxg7 26. b3 Rff7 27. Rxe7 Qxe7
28. d4 h5 29. Re1 Qf6 30. Re5 Qd6 31. Qe3 Qf6 32. Qg3 Qd6 33. Qe3 Qf6 34. Kh2
Qd6 35. Kg1 Qf6 36. Qf4 Qd6 37. Rxf5 Qxf4 38. Ne6+ Kh6 39. Rxf4 1-0

[Event "4th London Classic Open"]
[Site "London ENG"]
[Date "2012.12.06"]
[Round "6.5"]
[White "Houska,Jo"]
[Black "Hebden,M"]
[Result "1/2-1/2"]
[WhiteTitle "IM"]
[BlackTitle "GM"]
[WhiteElo "2396"]
[BlackElo "2547"]
[WhiteFideId "405094"]
[BlackFideId "400084"]
[EventDate "2012.12.01"]

1. d4 Nf6 2. Nf3 g6 3. c4 Bg7 4. g3 c5 5. Bg2 Qa5+ 6. Nc3 Ne4 7. Qd3 Nc6 8. Qxe4
cxd4 9. Nxd4 Nxd4 10. O-O d6 11. Bd2 Qf5 12. e3 Qxe4 13. Bxe4 Nc6 14. Nd5 Bh3
15. Nc7+ Kd7 16. Nxa8 Bxf1 17. Kxf1 Rxa8 18. Rc1 f5 19. Bg2 b6 20. b4 Rc8 21. c5
dxc5 22. bxc5 b5 23. f4 Kc7 24. Ke2 Rd8 25. Rb1 Rb8 26. h3 e6 27. g4 a5 28. a3
a4 29. gxf5 gxf5 30. Kd3 e5 31. fxe5 Nxe5+ 32. Kc2 Nc4 33. Bc1 Bf8 34. Bf1 Bxc5
35. Bxc4 bxc4 36. Rxb8 Kxb8 37. Kc3 Kb7 38. Kxc4 Kc6 39. Kd3 Kd5 40. Bb2 h5 41.
Bc1 Bd6 42. Bb2 Be5 43. Bc1 Ke6 44. e4 f4 45. Ke2 Kd6 46. Kf3 Kc6 47. Bd2 Bd6
48. Bc1 Kd7 49. Bb2 Ke6 50. Bc1 Be5 51. Bd2 Bb2 52. Bb4 Bc1 53. Bf8 Bd2 54. Bc5
Ke5 55. Bf8 Kd4 56. Bd6 Bc1 57. Bf8 Kc4 58. Bb4 Kd4 1/2-1/2

[Event "4th London Classic Open"]
[Site "London ENG"]
[Date "2012.12.06"]
[Round "6.7"]
[White "Ansell,S"]
[Black "Hawkins,Jo"]
[Result "1/2-1/2"]
[WhiteTitle "IM"]
[BlackTitle "IM"]
[WhiteElo "2377"]
[BlackElo "2507"]
[WhiteFideId "402141"]
[BlackFideId "412686"]
[EventDate "2012.12.01"]

1. e4 e5 2. Nf3 Nc6 3. Bb5 a6 4. Ba4 Nf6 5. d3 d6 6. c3 g6 7. Nbd2 Bg7 8. Nf1
O-O 9. Ng3 b5 10. Bc2 d5 11. O-O h6 12. Be3 dxe4 13. dxe4 Qxd1 14. Rfxd1 Be6 15.
Bb3 Bxb3 16. axb3 a5 17. Ne1 Rfd8 18. f3 Rxd1 19. Rxd1 Rd8 20. Rxd8+ 1/2-1/2

[Event "4th London Classic Open"]
[Site "London ENG"]
[Date "2012.12.06"]
[Round "6.9"]
[White "Zimmermann,Ju"]
[Black "Sadzikowski,D"]
[Result "1/2-1/2"]
[WhiteTitle "FM"]
[BlackTitle "IM"]
[WhiteElo "2299"]
[BlackElo "2449"]
[WhiteFideId "4667654"]
[BlackFideId "1132253"]
[EventDate "2012.12.01"]

1. e4 e6 2. d4 d5 3. Nc3 Nf6 4. e5 Nfd7 5. f4 c5 6. Nf3 Nc6 7. Be3 Be7 8. Qd2
O-O 9. dxc5 Bxc5 10. Nd4 a6 11. O-O-O Qc7 12. Qf2 Bb4 13. Bd3 Nc5 14. Nxc6 Qxc6
15. Bd4 b5 16. g4 Bb7 17. f5 Ne4 18. Qf4 Rfc8 19. f6 Bf8 20. fxg7 Bxg7 21. Rhe1
b4 22. Nxe4 dxe4 23. Bxe4 Qc7 24. Bd3 a5 25. Kb1 a4 26. Rc1 Ra5 27. c3 Qd7 28.
Be4 Bxe4+ 29. Qxe4 Rd5 30. Re3 a3 31. Rh3 axb2 32. Kxb2 bxc3+ 33. Bxc3 Rb5+ 34.
Ka1 Bxe5 35. Qxh7+ Kf8 36. Qh6+ Ke8 1/2-1/2

[Event "4th London Classic Open"]
[Site "London ENG"]
[Date "2012.12.06"]
[Round "6.10"]
[White "Boruchovsky,A"]
[Black "Rendle,T"]
[Result "1/2-1/2"]
[WhiteTitle "IM"]
[BlackTitle "IM"]
[WhiteElo "2448"]
[BlackElo "2381"]
[WhiteFideId "2800055"]
[BlackFideId "408760"]
[EventDate "2012.12.01"]

1. e4 e6 2. d4 d5 3. Nd2 c5 4. exd5 Qxd5 5. dxc5 Nf6 6. Ngf3 Bxc5 7. Bd3 O-O 8.
O-O b6 9. Qe2 Bb7 10. Rd1 e5 11. Bc4 Qc6 12. Nb3 Bd6 13. Bg5 Bc7 14. Bxf6 Qxf6
15. Bd5 Bxd5 16. Rxd5 Nc6 17. Rd7 Rac8 18. Qe4 Rfd8 19. Rad1 Rxd7 20. Rxd7 Qe6
21. Rd1 Qg6 22. Qxg6 hxg6 23. Kf1 Kf8 24. Ke2 Ke7 25. c3 Rh8 26. h3 Nd8 27. Nfd2
Ne6 28. Nc4 Nf4+ 29. Kf1 f5 30. f3 Ke6 31. a4 Rd8 32. Rxd8 Bxd8 33. Nc1 a6 34.
b3 Nd5 35. Ne2 Bf6 36. Na3 Ne3+ 37. Kf2 Nd1+ 38. Ke1 Ne3 39. Kf2 Nd1+ 40. Ke1
Ne3 41. g3 Be7 42. Nb1 Bg5 43. Ng1 Kd5 44. h4 Be7 45. Ke2 Kc6 46. Nh3 Nd5 47.
Kd3 b5 48. axb5+ axb5 49. Nd2 1/2-1/2

[Event "4th London Classic Open"]
[Site "London ENG"]
[Date "2012.12.06"]
[Round "6.11"]
[White "Roberson,P"]
[Black "Shaw,J"]
[Result "1-0"]
[WhiteTitle "FM"]
[BlackTitle "GM"]
[WhiteElo "2350"]
[BlackElo "2435"]
[WhiteFideId "412384"]
[BlackFideId "2400553"]
[EventDate "2012.12.01"]

1. e4 d5 2. exd5 Qxd5 3. Nc3 Qa5 4. Bc4 Nf6 5. d3 c6 6. Bd2 Qc7 7. Qe2 g6 8. Nf3
Bg7 9. O-O O-O 10. Rfe1 e6 11. Rad1 b5 12. Bb3 Nbd7 13. Ne4 Nxe4 14. dxe4 a5 15.
c3 e5 16. Be3 a4 17. Bc2 Nb6 18. b3 f6 19. Bxb6 Qxb6 20. bxa4 Be6 21. Bb3 Bxb3
22. axb3 bxa4 23. Qc4+ Kh8 24. bxa4 Qa6 25. Qxa6 Rxa6 26. Rd6 Bh6 27. g3 Kg7 28.
Ra1 Rfa8 29. Rd7+ Kg8 30. Rb1 Rxa4 31. Rbb7 Ra2 32. Rxh7 Rb2 33. Rxb2 Kxh7 34.
Rb7+ Kg8 35. Rc7 Ra1+ 36. Kg2 Ra2 37. Nh4 Be3 38. Nxg6 Rxf2+ 39. Kh3 Rc2 40. Kg4
Rxh2 41. Ne7+ Kf8 42. Kf5 Bg5 43. Nxc6 Rf2+ 44. Kg6 Ke8 45. Re7+ Kf8 46. Rd7 Rd2
47. Rxd2 Bxd2 48. Kxf6 Bxc3 49. Nxe5 Be1 50. g4 Bh4+ 51. g5 Ke8 52. Nc4 Bf2 53.
Nd6+ Kf8 54. Nf5 Be1 55. g6 Bc3+ 56. e5 1-0

[Event "4th London Classic Open"]
[Site "London ENG"]
[Date "2012.12.06"]
[Round "6"]
[White "Holzke,F"]
[Black "Coleman,D"]
[Result "1-0"]
[WhiteTitle "GM"]
[BlackTitle "CM"]
[WhiteElo "2521"]
[BlackElo "2268"]
[WhiteFideId "4600428"]
[BlackFideId "402087"]
[EventDate "2012.12.01"]

1. d4 Nf6 2. Nf3 e6 3. c4 Nc6 4. g3 d5 5. cxd5 exd5 6. Bg2 Bb4+ 7. Bd2 Bxd2+ 8.
Nbxd2 O-O 9. O-O Re8 10. e3 a5 11. Qc2 Bg4 12. Rfc1 Rc8 13. h3 Bd7 14. Ne1 Qe7
15. Qb3 b6 16. Nd3 Qd6 17. a3 h6 18. Nf4 Ne7 19. Qd1 g5 20. Nh5 Nxh5 21. Qxh5 f5
22. b4 axb4 23. axb4 Rf8 24. f4 Be8 25. Qd1 Qxb4 26. Ra7 Qd6 27. Qb3 Kh8 28. Nb1
Nc6 29. Ra2 Bf7 30. Na3 Na5 31. Qd3 Be8 32. Rf2 g4 33. hxg4 fxg4 34. Nb5 Bxb5
35. Qxb5 Rcd8 36. Bf1 Rde8 37. Rc3 Re7 38. Rfc2 Rfe8 39. Rxc7 Rxe3 40. R2c3 Qe6
41. Rxe3 Qxe3+ 42. Kh2 Qe1 43. Bg2 1-0

[Event "4th London Classic Open"]
[Site "London ENG"]
[Date "2012.12.06"]
[Round "6"]
[White "Gunajew,R"]
[Black "McDonald,N"]
[Result "1-0"]
[WhiteTitle "FM"]
[BlackTitle "GM"]
[WhiteElo "2260"]
[BlackElo "2454"]
[WhiteFideId "1116037"]
[BlackFideId "400629"]
[EventDate "2012.12.01"]

1. e4 e6 2. d4 d5 3. Nd2 Nf6 4. e5 Nfd7 5. Bd3 c5 6. c3 Nc6 7. Ne2 cxd4 8. cxd4
Nb6 9. O-O Bd7 10. Nf3 a5 11. Nf4 Rc8 12. Nh5 h6 13. Be3 Nb4 14. b3 Rc3 15. Be2
Qc8 16. Bd2 Rc6 17. a3 Nc2 18. Ra2 Nxa3 19. Bxa5 Rg8 20. Bd3 Na8 21. Bd2 b5 22.
Bxh6 b4 23. Qd2 Rc3 24. Bh7 Bb5 25. Bxg8 Bxf1 26. Qf4 f5 27. Bxg7 Rc1 28. h3
Be2+ 29. Kh2 Bxf3 30. gxf3 Rc2 31. Rxc2 Qxc2 32. Kg2 Bxg7 33. Nxg7+ Kf8 34.
Nxe6+ Kxg8 35. Qg5+ Kf7 36. Qf6+ Ke8 37. Qd8+ Kf7 38. Qd7+ 1-0